00540 2200205 4500245008500000020002200085250001100107100001700118700002000135650002300155650001000178005001900188260003900207041001400246084001000260300002400270336000900294337001000303338002100313 a33 Cara Kaya Ala Bob Sadino b : Motivasi Bisnis Anti-GagalcAsterlita SVhText a978-602-6475-12-1 aCet. 1 aAsterlita SV aArvin Mahardika aBiografi Pengusaha aEbook a20230616114546 aYogyakartabGenesis Learningc2016 aIndonesia a923.3 avi, 138 hlm. :cPDF atext aother aother (computer)